书目信息 |
| 题名: |
中国古代战争一百例
|
|
| 作者: | ;武汉部队司令部军事资料研究组 编 | |
| 分册: | ||
| 出版信息: | 武汉 湖北人民出版社 1979 |
|
| 页数: | 524页 | |
| 开本: | 20cm | |
| 丛书名: | ||
| 单 册: | ||
| 中图分类: | E89 | |
| 科图分类: | ||
| 主题词: | 兵法--古代 , 作战方法--古代 | |
| 电子资源: | ||
| ISBN: | ||
| 000 | 00687nam0 2200229 45 | |
| 001 | 0179005381 | |
| 005 | 20050404141508.3 | |
| 010 | @dCNY1.37 | |
| 091 | @a5106.6 | |
| 100 | @a19950714d1979 em y0chiy0121 ea | |
| 101 | 0 | @achi |
| 102 | @aCN@b420000 | |
| 105 | @ay z 000yy | |
| 200 | 10 | @a中国古代战争一百例@Azhong guo gu dai zhan zheng yi bai li@f武汉部队司令部军事资料研究组编@FWu Han Bu Dui Si Ling Bu Jun Shi Zi Liao Yan Jiu Zu Bian |
| 210 | @a武汉@c湖北人民出版社@d1979 | |
| 215 | @a524页@d20cm | |
| 606 | 0 | @a兵法@x古代 |
| 606 | 0 | @a作战方法@x古代 |
| 690 | @aE89@v3 | |
| 711 | 02 | @a武汉部队司令部军事资料研究组@4编 |
| 801 | 0 | @aCN@bNLC@c20040331 |
| 905 | @dE89@e5@f1@b53120 | |
| 中国古代战争一百例/武汉部队司令部军事资料研究组编.-武汉:湖北人民出版社,1979 |
| 524页;20cm |
| ISBN :CNY1.37 |
| ● |
| 相关链接 |
|
|
|
|
正题名:中国古代战争一百例
索取号:E89/5
 
预约/预借
| 序号 | 登录号 | 条形码 | 馆藏地/架位号 | 状态 | 备注 |
| 1 | 0053120 | 002007009 | 第一借阅区/ [索取号:E89/5] | 在馆 | |
| 2 | 0053121 | 001926009 | 密集书库/ [索取号:E89/5] | 在馆 | |
| 3 | 0053122 | 001263466 | 第一借阅区/ [索取号:E89/5] | 在馆 | |
| 4 | 0053123 | 001263484 | 密集书库/ [索取号:E89/5] | 在馆 | |
| 5 | 0053124 | 001263475 | 第一样本阅览室/ [索取号:E89/5] | 在馆 |